01911cam a22002775a 45000010009000000050017000090080041000260200018000670200015000850400038001000820027001381000028001652450071001932460040002642500012003042600052003163000034003685000066004025200856004686500075013246510010013996530035014099420008014449990017014529520164014691798587620151111131609.0131227t2015 paua fr 000 0 eng d a9781469845357 a1469845350 aDNLM/DLCcDLCdDLCdEG-ScBUEbeng04a610.730693076222bRUP1 aRupert, Diana L.93872210aLippincott NCLEX-PN alternate format questions /cDiana L. Rupert.30aNCLEX-PN alternate format questions a3rd ed. aPhiladelphia :bWolters Kluwer Health,cc.2015. avii, 302 p. :bill. ;c26 cm. aPreceded by: NCLEX-PN 250 new-format questions. 2nd ed. 2006. a"The new 3rd edition of Lippincott's NCLEX-PN Alternate-Format Questions helps you prepare with confidence for every type of question on the NCLEX exam. This new edition addresses all the alternate-format question types--multiple-response questions, fill-in-the-blank questions, exhibit/chart questions, drag and drop questions, "hot spot" questions, graphic option questions, and audio questions (online only)--in the same style and format as those used on the current NCLEX-PN test plan. Each question also has a critical thinking test-taking strategy and the applicable integrated process. Fully updated, and with more than 400 questions - including a 120-question comprehensive exam that contains 25% alternate format questions - this essential study resource provides more questions than any other NCLEX book of its kind!"--Provided by publisher. 7aPractical nursingzUnited StatesvExamination Questions.2BUEsh938723 2BUEsh bNNURcAugust2015cNovember2015 2ddc c20576d20548 00102ddc40708BaccahaMAINbMAINc1STd2015-08-18ePurchaseg323.00h21764l6m70o610.730693076 RUPp000039796r2025-07-15 00:00:00s2023-07-24v404.00yBB